00630nam a2200217Ia 4500003000900000008004100009040001300050040001300063041000800076100001900084245002500103250001100128260001300139260000900152300001100161300001200172490000600184942000700190999001700197952019800214IT-RoPAU120407s9999 xx 000 0 und d aIT-RoPAU cIT-RoPAU aita aMarino Gentile aUmanesimo e tecnica. aMilano aI. P. L. c1943 a216 p. c19,5 cm v1 cBK c29039d29039 00102ddc406104_74000000000000071aPAULUSbPAULUSd2012-04-11l0o104.74r2012-04-11 00:00:00w2012-04-11yBKzInserito da: Anna In data: 12 settembre 2011 fondo: Via A.Severo 56 Progr:35820